Every Top 1 Demon in Geometry Dash - Statistics

General Stats
  • This quiz has been taken 1,720 times
  • The average score is 15 of 25
Answer Stats
Hint Answer % Correct
August 12th, 2015 - May 12th, 2016 Bloodbath
95%
November 3rd, 2021 - December 29th, 2021 Slaughterhouse
90%
March 16th, 2022 - April 3rd, 2022 Slaughterhouse
90%
February 20th, 2018 - May 18th, 2018 Bloodlust
82%
November 25th, 2016 - December 11th, 2016 Sonic Wave
82%
January 6th, 2020 - April 18th, 2020 Tartarus
79%
September 11th, 2020 - July 16th, 2021 Tartarus
79%
January 3rd, 2015 - August 12th, 2015 Cataclysm
76%
December 29th, 2021 - March 16th, 2022 Sakupen Circles
70%
April 9th, 2019 - January 6th, 2020 Zodiac
70%
November 3rd, 2021 - November 3rd, 2021 Firework
68%
April 18th, 2020 - September 11th, 2020 The Golden
67%
January 14th, 2017 - March 19th, 2017 Yatagarasu
60%
April 3rd, 2022 - Abyss of Darkness
57%
March 19th, 2017 - September 8th, 2017 Erebus
54%
September 17th, 2017 - October 29th, 2017 Erebus
54%
August 14th, 2016 - November 5th, 2016 Sakupen Hell
51%
December 11th, 2016 - January 14th, 2017 Artificial Ascent
47%
October 29th, 2017 - February 20th, 2018 Plasma Pulse Finale
45%
May 12th, 2016 - August 14th, 2016 Phobos
40%
May 18th, 2018 - April 9th, 2019 Crimson Planet
35%
September 10th, 2017 - September 17th, 2017 Digital Descent
35%
November 5th, 2016 - November 25th, 2016 Athanatos
25%
September 8th, 2017 - September 10th, 2017 Stalemate Redux
24%
July 16th, 2021 - November 3rd, 2021 Trueffet
22%
No matching quizzes found
Score Distribution
Percent of People with Each Score
Percentile by Number Answered
Your Score History
You have not taken this quiz